000
00300nam a22001337a 4500
008
170502b xxu||||| |||| 00| 0 eng d
020
_a
9780735575714
041
_a
eng
080
_a
34
100
_a
13
101
_a
SHJ
245
_a
PLEA BARGAINING ACROSS BORDERS
_c
TURNER, J.L
942
_2
udc
_c
BK
999
_c
12349
_d
12349